00648nam a2200229 a 4500001001300000003000900013005001700022008004100039020001000080082001800090100001500108245002300123260004000146300000900186500003500195650002500230700001500255902000800270942000700278952011800285999001500403nice12345678IN_TiNIC20260116011413.0070730s1932 chea grp 000 0 eng  ac10000a297.0072bBOL aBolus, E J aInfluence of Islam aChennai bLilly Soosai Opset c1932 a199p aincludes index and biblioraphy aCivilization-Islamic1 aBolus, E J bSRS cBK 001040708StackRoom-aHMIbHMId2007-07-30g100.00l0o297.0072 BOLp01463r2007-07-30v100.00w2007-07-30yBK c1233d1233